000 00268 a2200109 4500
000 nam a22 7a 4500
020 _a9789387944893
100 _aSharma,Robin
_9111
245 _a5 AM clib: Own your morning elevate your life
260 _bJaico
_c2018
264 _bJaico
999 _c35997
_d35997